[Event "27.Schlosspark-Open"]
[Site "Wiesbaden-Biebrich"]
[Date "2015.08.27"]
[Round "1.1"]
[White "John, Volkmar"]
[Black "Khenkin, Igor"]
[Result "0-1"]
[WhiteElo "1809"]
[BlackElo "2596"]
[PlyCount "46"]
[EventDate "2015.??.??"]
[WhiteTeam "SK Herborn"]
[BlackTeam "SG Porz"]

1. d4 d5 2. c4 dxc4 3. Nf3 c6 4. e3 b5 5. a4 e6 6. axb5 cxb5 7. b3 Bb4+ 8. Bd2
Bxd2+ 9. Qxd2 a5 10. bxc4 b4 11. Bd3 Nf6 12. O-O Bb7 13. Qe2 O-O 14. Nbd2 Nbd7
15. e4 e5 16. d5 a4 17. c5 Nxc5 18. Nxe5 b3 19. Nec4 Nxd5 20. exd5 Qxd5 21.
Bxh7+ Kxh7 22. Ne3 Rfe8 23. Ndc4 Qxg2+ 0-1

[Event "27.Schlosspark-Open"]
[Site "Wiesbaden-Biebrich"]
[Date "2015.08.27"]
[Round "1.2"]
[White "Ikonnikov, Vyacheslav"]
[Black "Anhalt, Albert"]
[Result "1-0"]
[WhiteElo "2519"]
[BlackElo "1802"]
[PlyCount "67"]
[EventDate "2015.??.??"]
[WhiteTeam "SF Bad Mergentheim"]
[BlackTeam "SG Idstein"]

1. d4 Nf6 2. Nf3 d6 3. c4 Nbd7 4. Nc3 e5 5. e4 exd4 6. Nxd4 g6 7. Be2 Bg7 8.
O-O Nc5 9. f3 O-O 10. Be3 Re8 11. Qd2 Be6 12. Rfd1 a6 13. Rac1 Rc8 14. Kh1 Qe7
15. Bg5 Qf8 16. Bf1 h6 17. Bh4 Bd7 18. Re1 g5 19. Bf2 Nh5 20. b4 Ne6 21. Nf5
Be5 22. Nd5 Nef4 23. Nde3 Nf6 24. g3 Ng6 25. Bh3 h5 26. Nd5 Nxd5 27. cxd5 g4
28. fxg4 Bg7 29. gxh5 Ne5 30. Rc3 Red8 31. Qg5 f6 32. Qh4 Bh6 33. Nxh6+ Qxh6
34. a3 1-0

[Event "27.Schlosspark-Open"]
[Site "Wiesbaden-Biebrich"]
[Date "2015.08.27"]
[Round "1.3"]
[White "Meaubert, Thomas"]
[Black "Levin, Felix"]
[Result "0-1"]
[WhiteElo "1801"]
[BlackElo "2503"]
[PlyCount "70"]
[EventDate "2015.??.??"]
[WhiteTeam "Sfr. Hochheim"]
[BlackTeam "SV Mülheim-Nord"]

1. d4 d5 2. Nf3 Nf6 3. e3 g6 4. b3 Bg7 5. Bd3 c5 6. Bb2 cxd4 7. exd4 Nc6 8.
Nbd2 Nb4 9. Bb5+ Bd7 10. Bxd7+ Qxd7 11. a3 Nc6 12. O-O O-O 13. Ne5 Qc7 14. Re1
e6 15. Rc1 Rac8 16. Qe2 Rfd8 17. Nxc6 Qxc6 18. h3 b5 19. b4 Bh6 20. f3 Nh5 21.
Red1 Ng3 22. Qe5 Bf4 23. Qe1 Nf5 24. Nf1 Bxc1 25. Rxc1 Qc4 26. Qd2 Qa2 27. c3
Nd6 28. Ne3 Nc4 29. Nxc4 dxc4 30. Qc2 Qb3 31. Qxb3 cxb3 32. Re1 Rd5 33. Ba1 e5
34. Rb1 exd4 35. cxd4 Rc2 0-1

[Event "27.Schlosspark-Open"]
[Site "Wiesbaden-Biebrich"]
[Date "2015.08.27"]
[Round "1.4"]
[White "Poetsch, Hagen"]
[Black "Mönch, Dietmar"]
[Result "1-0"]
[WhiteElo "2498"]
[BlackElo "1798"]
[PlyCount "47"]
[EventDate "2015.??.??"]
[WhiteTeam "SF Schöneck"]
[BlackTeam "vereinslos"]

1. e4 c5 2. Nf3 a6 3. Nc3 d6 4. d4 cxd4 5. Nxd4 Nf6 6. Bg5 e6 7. f4 Be7 8. Qf3
Nc6 9. O-O-O Qc7 10. Nxc6 bxc6 11. e5 dxe5 12. fxe5 Nd5 13. Bxe7 Kxe7 14. Qg3
Nxc3 15. Qxc3 c5 16. Be2 Bb7 17. Qg3 Rhd8 18. Qxg7 Rd4 19. Rxd4 cxd4 20. Bh5
Rf8 21. Rf1 Ke8 22. Rxf7 Rxf7 23. Qg8+ Ke7 24. Qxf7+ 1-0

[Event "27.Schlosspark-Open"]
[Site "Wiesbaden-Biebrich"]
[Date "2015.08.27"]
[Round "1.5"]
[White "Krischak, Werner"]
[Black "Carlstedt, Jonathan"]
[Result "0-1"]
[WhiteElo "1796"]
[BlackElo "2463"]
[PlyCount "40"]
[EventDate "2015.??.??"]
[WhiteTeam "SK Marburg"]
[BlackTeam "Hamburger SK"]

1. d4 Nf6 2. Bf4 c5 3. e3 d5 4. c4 cxd4 5. exd4 Nc6 6. c5 e5 7. dxe5 Ne4 8. Bd3
Qa5+ 9. Kf1 Bxc5 10. Bxe4 dxe4 11. Nc3 Be6 12. Nxe4 Bc4+ 13. Ne2 Nd4 14. N4c3
Rd8 15. Qe1 Nc2 16. Qc1 Nxa1 17. Qxa1 O-O 18. Qc1 Rd3 19. Ne4 Rfd8 20. N2c3
Rd1# 0-1

[Event "27.Schlosspark-Open"]
[Site "Wiesbaden-Biebrich"]
[Date "2015.08.27"]
[Round "1.6"]
[White "Kollars, Dmitrij"]
[Black "Englert, Fred"]
[Result "1-0"]
[WhiteElo "2437"]
[BlackElo "1794"]
[PlyCount "181"]
[EventDate "2015.??.??"]
[WhiteTeam "Delmenhorster SK"]
[BlackTeam "SK Klingenberg"]

1. e4 c6 2. d4 d5 3. Nc3 dxe4 4. Nxe4 g6 5. Nf3 Bg7 6. Bc4 Nf6 7. Nxf6+ exf6 8.
O-O O-O 9. Re1 Nd7 10. h3 Nb6 11. Bd3 Be6 12. Bd2 Re8 13. b3 Qd7 14. c4 Bf5 15.
Qc2 Bxd3 16. Qxd3 Re6 17. a4 Rae8 18. Rad1 Na8 19. Rxe6 fxe6 20. Qe2 Nc7 21.
Bf4 Kf7 22. Qd2 b6 23. Re1 g5 24. Bg3 h6 25. a5 e5 26. axb6 axb6 27. dxe5 Qxd2
28. Nxd2 fxe5 29. Nf3 Na6 30. Bxe5 Nc5 31. Re3 Nd7 32. Bxg7 Rxe3 33. fxe3 Kxg7
34. Kf2 Kf6 35. Nd4 Ne5 36. Ke2 c5 37. Nb5 h5 38. Nc3 Kf5 39. g3 Nc6 40. Kd2
Ne5 41. e4+ Ke6 42. Nd5 Nf3+ 43. Ke3 Nd4 44. Nxb6 Nxb3 45. h4 gxh4 46. gxh4 Ke5
47. Nd7+ Ke6 48. Nf8+ Kf6 49. Nh7+ Ke5 50. Ng5 Na5 51. Nf3+ Kf6 52. Kd3 Nc6 53.
Ke2 Na5 54. Nd2 Ke5 55. Ke3 Nb7 56. Nf3+ Kf6 57. Kf4 Na5 58. Nd2 Nc6 59. Nf3
Na5 60. Nd2 Nc6 61. e5+ Ke6 62. Ne4 Nxe5 63. Nxc5+ Kd6 64. Ne4+ Ke6 65. Nd2 Kf6
66. Ne4+ Ke6 67. Nd2 Kf6 68. Ke4 Ke6 69. c5 Ng6 70. Nf3 Kd7 71. Kd4 Ke6 72. Kc4
Kf5 73. c6 Ne7 74. c7 Kg4 75. Ne5+ Kf5 76. Nc6 Nc8 77. Kd5 Kg4 78. Ke6 Kxh4 79.
Ne7 Na7 80. Kd7 Kg3 81. Nc6 Nc8 82. Kxc8 h4 83. Kd8 h3 84. c8=Q h2 85. Qb8+ Kg2
86. Qb2+ Kh3 87. Qc1 Kg2 88. Qd2+ Kg3 89. Qe1+ Kg2 90. Qe2+ Kg1 91. Nd4 1-0

[Event "27.Schlosspark-Open"]
[Site "Wiesbaden-Biebrich"]
[Date "2015.08.27"]
[Round "1.7"]
[White "Rapp, Matthias"]
[Black "Geske, Julian"]
[Result "0-1"]
[WhiteElo "1792"]
[BlackElo "2398"]
[PlyCount "58"]
[EventDate "2015.??.??"]
[WhiteTeam "TSV Schott Mainz"]
[BlackTeam "Wiesbadener SV"]

1. e4 e5 2. d4 exd4 3. Qxd4 Nc6 4. Qe3 Nf6 5. Nc3 Bb4 6. Bd2 O-O 7. O-O-O Re8
8. f3 d5 9. Qg5 dxe4 10. Bb5 Bd7 11. Nh3 Re5 12. Qf4 Nh5 13. Qe3 exf3 14. Qf2
Bxc3 15. Bxc6 Bxd2+ 16. Qxd2 bxc6 17. Qxd7 Qxd7 18. Rxd7 fxg2 19. Rhd1 Rae8 20.
Rxc7 g5 21. Rxa7 Nf4 22. Ng1 Re1 23. Kd2 R8e2+ 24. Kc1 Re8 25. Kd2 Rxd1+ 26.
Kxd1 Ne2 27. Ra5 h6 28. Ra3 Nxg1 29. Rg3 Nf3 0-1

[Event "27.Schlosspark-Open"]
[Site "Wiesbaden-Biebrich"]
[Date "2015.08.27"]
[Round "1.8"]
[White "Malek, Daniel"]
[Black "Wiest, Kurt"]
[Result "1-0"]
[WhiteElo "2398"]
[BlackElo "1784"]
[PlyCount "37"]
[EventDate "2015.??.??"]
[WhiteTeam "Wiesbadener SV"]
[BlackTeam "SV Bergwinkel"]

1. d4 d5 2. c4 e6 3. Nc3 c6 4. e4 dxe4 5. Nxe4 Bb4+ 6. Nc3 Nf6 7. Nf3 O-O 8.
Bd3 Nbd7 9. O-O b6 10. Bf4 Bb7 11. Qe2 c5 12. a3 Bxc3 13. bxc3 Rc8 14. a4 Nb8
15. Rfd1 Nc6 16. dxc5 Nd7 17. cxb6 Qf6 18. Qe3 Nxb6 19. Bg5 1-0

[Event "27.Schlosspark-Open"]
[Site "Wiesbaden-Biebrich"]
[Date "2015.08.27"]
[Round "1.9"]
[White "Davidov, Georgi"]
[Black "Boidman, Yuri"]
[Result "0-1"]
[WhiteElo "1780"]
[BlackElo "2337"]
[PlyCount "48"]
[EventDate "2015.??.??"]
[WhiteTeam "SC Rotenburg"]
[BlackTeam "SC Heimbach-Weis"]

1. e4 d5 2. e5 c5 3. c3 Nc6 4. d4 Bf5 5. Bd3 Bxd3 6. Qxd3 e6 7. a3 Rc8 8. b4
cxd4 9. cxd4 Nxe5 10. dxe5 Rxc1+ 11. Kd2 Qc7 12. Qb5+ Rc6 13. Nf3 g6 14. Nc3
Bh6+ 15. Kd3 Ne7 16. Nd4 a6 17. Qa4 b5 18. Ncxb5 axb5 19. Qxb5 O-O 20. Nxc6
Nxc6 21. Qc5 Nxe5+ 22. Ke2 Qb7 23. Ra2 Rc8 24. Qd4 Qb5+ 0-1

[Event "27.Schlosspark-Open"]
[Site "Wiesbaden-Biebrich"]
[Date "2015.08.27"]
[Round "1.10"]
[White "Keller, Peter"]
[Black "Reitz, Philipp"]
[Result "1-0"]
[WhiteElo "2319"]
[BlackElo "1773"]
[PlyCount "83"]
[EventDate "2015.??.??"]
[WhiteTeam "Frankfurter TV"]
[BlackTeam "VfR-SC Koblenz"]

1. e4 c5 2. Nf3 Nc6 3. d4 cxd4 4. Nxd4 Nf6 5. Nc3 e5 6. Ndb5 d6 7. Bg5 a6 8.
Na3 b5 9. Nd5 Be7 10. Bxf6 Bxf6 11. c4 Qa5+ 12. Qd2 Qxd2+ 13. Kxd2 Bg5+ 14. Kd1
O-O 15. cxb5 Nd4 16. h4 Bd8 17. bxa6 Bxa6 18. Bxa6 Rxa6 19. Nc2 Nxc2 20. Kxc2
f5 21. exf5 Rxf5 22. f3 e4 23. fxe4 Rf2+ 24. Kb3 Rxg2 25. Rac1 Rg3+ 26. Rc3
Rxc3+ 27. Nxc3 Rb6+ 28. Kc2 Bf6 29. a3 Rc6 30. Rh3 Kf7 31. b4 Ke6 32. Kb3 h5
33. b5 Rc5 34. a4 Bd8 35. Kb4 Kd7 36. a5 Re5 37. a6 Kc8 38. Rg3 g5 39. hxg5
Rxg5 40. Rf3 Rg7 41. Rf8 h4 42. b6 1-0

[Event "27.Schlosspark-Open"]
[Site "Wiesbaden-Biebrich"]
[Date "2015.08.27"]
[Round "1.11"]
[White "Muckle, Richard"]
[Black "Haag, Martin"]
[Result "0-1"]
[WhiteElo "1719"]
[BlackElo "2316"]
[PlyCount "82"]
[EventDate "2015.??.??"]
[WhiteTeam "SK Ludwigshafen"]
[BlackTeam "SC Bonn Beuel"]

1. d4 Nf6 2. e3 d5 3. c4 e6 4. Nc3 c5 5. Nf3 a6 6. b3 Nc6 7. dxc5 Bxc5 8. Be2
O-O 9. O-O dxc4 10. Qxd8 Rxd8 11. Bxc4 b5 12. Be2 Bb7 13. Bb2 Nb4 14. Rac1 Rac8
15. Rfd1 Rxd1+ 16. Rxd1 Nfd5 17. a4 Nxc3 18. Bxc3 Nd5 19. Be1 b4 20. Bc4 a5 21.
Nd4 Kf8 22. Nb5 Ke7 23. Rd3 Nb6 24. Rd1 Nxc4 25. bxc4 Be4 26. Nd4 Bxd4 27. Rxd4
Bc2 28. Kf1 Rxc4 29. Ke2 Rxd4 30. exd4 Kd6 31. Kd2 Bxa4 32. f3 Kd5 33. Kd3 Bb5+
34. Ke3 Kc4 35. g4 Bc6 36. h4 a4 37. d5 Bxd5 38. Kd2 a3 39. Kc1 b3 40. h5 b2+
41. Kb1 Kb3 0-1

[Event "27.Schlosspark-Open"]
[Site "Wiesbaden-Biebrich"]
[Date "2015.08.27"]
[Round "1.12"]
[White "Harff, Marcel"]
[Black "Roß, Norbert"]
[Result "1-0"]
[WhiteElo "2313"]
[BlackElo "1772"]
[PlyCount "71"]
[EventDate "2015.??.??"]
[WhiteTeam "SG Hochneukirch"]
[BlackTeam "SV Oberursel"]

1. c4 c5 2. Nf3 Nf6 3. g3 g6 4. Bg2 Bg7 5. O-O O-O 6. d4 cxd4 7. Nxd4 a6 8. Nc3
Nc6 9. e3 Qc7 10. b3 d6 11. Bb2 Bg4 12. Nd5 Nxd5 13. Qxg4 Ne5 14. Qe2 Nf6 15.
Rac1 Qb6 16. h3 Rfe8 17. Kh2 Rac8 18. f4 Ned7 19. Nf3 Nc5 20. Rcd1 Qc7 21. Nh4
e6 22. e4 Nh5 23. Bxg7 Nxg7 24. Qd2 Rcd8 25. f5 exf5 26. exf5 Ne4 27. Qd3 Nc5
28. Qf3 Ne4 29. Rd5 Ng5 30. Qg4 Qe7 31. f6 Qe2 32. Qxg5 Re5 33. Qh6 Ne6 34. Nf3
Rd7 35. Nxe5 Rd8 36. Nxf7 1-0

[Event "27.Schlosspark-Open"]
[Site "Wiesbaden-Biebrich"]
[Date "2015.08.27"]
[Round "1.13"]
[White "Falkenhainer, Sven"]
[Black "Kersten, Uwe"]
[Result "0-1"]
[WhiteElo "1771"]
[BlackElo "2300"]
[PlyCount "64"]
[EventDate "2015.??.??"]
[WhiteTeam "SC Bergen-Enkheim"]
[BlackTeam "Kasseler SK"]

1. e4 e6 2. Nc3 d5 3. exd5 exd5 4. d4 c6 5. Bd3 Bd6 6. Nge2 Qc7 7. Be3 Ne7 8.
Qd2 Bf5 9. O-O-O Bxd3 10. Qxd3 Nd7 11. g3 Nb6 12. Bf4 O-O 13. h4 Rfe8 14. Qf3
Nc4 15. Bxd6 Qxd6 16. Nf4 Nf5 17. g4 Qb4 18. Nd3 Nxd4 19. Qxf7+ Kxf7 20. Nxb4
Ne2+ 21. Nxe2 Rxe2 22. Nd3 Rae8 23. Rhe1 Rxe1 24. Rxe1 Rxe1+ 25. Nxe1 Ne5 26.
f3 Kg6 27. Kd2 h5 28. g5 Kf5 29. Ke2 Ng6 30. Ng2 Nf4+ 31. Kf2 Nxg2 32. Kxg2 Kf4
0-1

[Event "27.Schlosspark-Open"]
[Site "Wiesbaden-Biebrich"]
[Date "2015.08.27"]
[Round "1.14"]
[White "Ress, Tamas"]
[Black "Zerhusen, Martin"]
[Result "1-0"]
[WhiteElo "2280"]
[BlackElo "1768"]
[PlyCount "55"]
[EventDate "2015.??.??"]
[WhiteTeam "Wiesbadener SV"]
[BlackTeam "SV Oberursel"]

1. d4 d5 2. Nf3 Nf6 3. c4 c6 4. Nc3 e6 5. Bg5 Be7 6. e3 O-O 7. Rc1 Nbd7 8. cxd5
exd5 9. Bd3 Nb6 10. Qc2 h6 11. Bh4 Be6 12. O-O Nc8 13. Na4 Nd7 14. Bg3 Ncb6 15.
a3 Nxa4 16. Qxa4 Qb6 17. b4 a6 18. Nd2 Rac8 19. Nb3 Qd8 20. Nc5 b5 21. Nxe6
fxe6 22. Qd1 Nb6 23. Qg4 Qd7 24. Be5 Bd6 25. Bxg7 Bxh2+ 26. Kxh2 Qxg7 27. Qxe6+
Kh8 28. Rxc6 1-0

[Event "27.Schlosspark-Open"]
[Site "Wiesbaden-Biebrich"]
[Date "2015.08.27"]
[Round "1.15"]
[White "Arns, Alexander"]
[Black "Nasshan, Dennis"]
[Result "0-1"]
[WhiteElo "1767"]
[BlackElo "2259"]
[PlyCount "70"]
[EventDate "2015.??.??"]
[WhiteTeam "SF HN-Biberach"]
[BlackTeam "SV Worms"]

1. c4 c6 2. Nc3 d5 3. cxd5 cxd5 4. d4 Nf6 5. Bf4 Nc6 6. e3 a6 7. a3 Bf5 8. Bd3
Bxd3 9. Qxd3 e6 10. Nf3 Be7 11. O-O O-O 12. Rac1 Nh5 13. Bg3 Nxg3 14. hxg3 Na5
15. e4 dxe4 16. Qxe4 Bf6 17. Rfd1 Re8 18. b4 Nc6 19. Na4 Be7 20. d5 exd5 21.
Rxd5 Qc7 22. Qc2 Rad8 23. Rcd1 Rxd5 24. Rxd5 Rd8 25. Rxd8+ Qxd8 26. Nc5 Qc8 27.
Na4 Bf6 28. Qe4 h6 29. Qd5 Ne7 30. Qc5 Qd8 31. Nb6 Nc6 32. Nc4 Qd3 33. Nd6 Be7
34. Qf5 Qxd6 35. Qc8+ Nd8 0-1

[Event "27.Schlosspark-Open"]
[Site "Wiesbaden-Biebrich"]
[Date "2015.08.27"]
[Round "1.16"]
[White "Bingert, Tim Niklas"]
[Black "Reinecke, Katharina"]
[Result "1-0"]
[WhiteElo "2253"]
[BlackElo "1765"]
[PlyCount "71"]
[EventDate "2015.??.??"]
[WhiteTeam "SV Hofheim"]
[BlackTeam "SK Langen"]

1. e4 c6 2. d4 d5 3. e5 Bf5 4. Be3 e6 5. Nd2 Nd7 6. Ngf3 h6 7. Be2 Ne7 8. O-O
Bh7 9. a4 Nf5 10. a5 Be7 11. c4 dxc4 12. Nxc4 O-O 13. Qb3 b6 14. Rfd1 Qc7 15.
Rdc1 Rab8 16. axb6 axb6 17. Bd2 c5 18. Ne3 Rfd8 19. Qa2 Nxe3 20. Bxe3 Be4 21.
b4 Ra8 22. Qb2 Rxa1 23. Qxa1 Ra8 24. Qc3 Rc8 25. Nd2 Bd5 26. bxc5 bxc5 27. Nb3
c4 28. Na5 Nb6 29. Bd2 Qd8 30. Qb2 Na4 31. Qb5 Nb6 32. Be3 Qc7 33. Bd2 Qd8 34.
Bc3 Qc7 35. Rb1 Rb8 36. Qa6 1-0

[Event "27.Schlosspark-Open"]
[Site "Wiesbaden-Biebrich"]
[Date "2015.08.27"]
[Round "1.17"]
[White "Bajorski, Marius"]
[Black "Grimm, Julius"]
[Result "0-1"]
[WhiteElo "1764"]
[BlackElo "2201"]
[PlyCount "52"]
[EventDate "2015.??.??"]
[WhiteTeam "SV Hofheim"]
[BlackTeam "Schachforum Darmstadt"]

1. e4 c6 2. d4 d5 3. Nc3 dxe4 4. Nxe4 Bf5 5. Ng3 Bg6 6. Nf3 Nd7 7. h4 h6 8. h5
Bh7 9. Bd3 Bxd3 10. Qxd3 e6 11. Bd2 Ngf6 12. O-O-O Be7 13. Ne4 Qb6 14. g3 Rd8
15. Be3 Qa5 16. Nxf6+ Bxf6 17. Qb3 Nb6 18. Bd2 Qf5 19. Bf4 O-O 20. Be5 Bxe5 21.
dxe5 Rxd1+ 22. Kxd1 Nc4 23. Rh4 Nxe5 24. Rf4 Qxh5 25. Ke2 Nxf3 26. Qxf3 Qb5+
0-1

[Event "27.Schlosspark-Open"]
[Site "Wiesbaden-Biebrich"]
[Date "2015.08.27"]
[Round "1.18"]
[White "Hermannsdörfer, Frank"]
[Black "Meding, Olaf"]
[Result "1/2-1/2"]
[WhiteElo "2193"]
[BlackElo "1764"]
[PlyCount "56"]
[EventDate "2015.??.??"]
[WhiteTeam "SV Liebschwitz"]
[BlackTeam "SF Mainz"]

1. b3 Nf6 2. Bb2 d5 3. e3 g6 4. c4 c6 5. d3 Bg7 6. Nf3 O-O 7. Be2 Nbd7 8. Qc2
Re8 9. O-O e5 10. Nc3 a6 11. Rac1 dxc4 12. bxc4 Qc7 13. d4 exd4 14. exd4 Nf8
15. d5 Bf5 16. Qb3 Rad8 17. Rfe1 Qa5 18. Rcd1 cxd5 19. cxd5 Ne4 20. Nxe4 Bxe4
21. Bxg7 Kxg7 22. Qxb7 Bxd5 23. Qxa6 Qxa6 24. Bxa6 Bxa2 25. Rxd8 Rxd8 26. h4 h5
27. Ng5 Ne6 28. Nxe6+ Bxe6 1/2-1/2

[Event "27.Schlosspark-Open"]
[Site "Wiesbaden-Biebrich"]
[Date "2015.08.27"]
[Round "1.19"]
[White "Wilke, Tabea"]
[Black "Nagel, Bernhard"]
[Result "0-1"]
[WhiteElo "1759"]
[BlackElo "2192"]
[PlyCount "84"]
[EventDate "2015.??.??"]
[WhiteTeam "SC Hattersheim"]
[BlackTeam "Wiesbadener SV"]

1. e4 c5 2. Nc3 e6 3. f4 d5 4. Nf3 dxe4 5. Nxe4 Nc6 6. Bb5 Bd7 7. O-O Nf6 8. d3
Be7 9. Qe1 Nd4 10. Bxd7+ Qxd7 11. Ne5 Qc7 12. Qd1 O-O 13. c3 Nc6 14. Nxf6+ Bxf6
15. Nxc6 Qxc6 16. Be3 Rad8 17. Qe2 Rd5 18. Rad1 Rfd8 19. Rd2 b6 20. Rfd1 Qa4
21. b3 Qa5 22. c4 R5d7 23. Bf2 g6 24. Rc2 Qa6 25. Be1 Qb7 26. Bc3 Bxc3 27. Rxc3
Rd4 28. g3 Qd7 29. Kf2 Rxf4+ 30. gxf4 Qd4+ 31. Qe3 Qxc3 32. d4 Qxe3+ 33. Kxe3
Kf8 34. Ke4 Ke7 35. Rd3 f6 36. dxc5 Rxd3 37. Kxd3 bxc5 38. a3 a5 39. Ke3 Kd6
40. Kf3 e5 41. fxe5+ Kxe5 42. h4 Kd4 0-1

[Event "27.Schlosspark-Open"]
[Site "Wiesbaden-Biebrich"]
[Date "2015.08.27"]
[Round "1.20"]
[White "Chandler, Patrick"]
[Black "Buhr, Patrick"]
[Result "1-0"]
[WhiteElo "2172"]
[BlackElo "1746"]
[PlyCount "85"]
[EventDate "2015.??.??"]
[WhiteTeam "SC Gelnhausen"]
[BlackTeam "SC Heimbach-Weis"]

1. e4 c6 2. d4 d5 3. e5 Bf5 4. g4 Bg6 5. h4 h6 6. h5 Bh7 7. e6 fxe6 8. Bd3 Nf6
9. Bxh7 Nxh7 10. Qd3 Qd6 11. f4 Nd7 12. Qg6+ Kd8 13. Nf3 Kc7 14. Nc3 Rc8 15.
Ne2 Kb8 16. g5 Ka8 17. c3 hxg5 18. fxg5 e5 19. Nh4 e6 20. Qd3 Qc7 21. Ng6 e4
22. Qh3 Rg8 23. Qxe6 Bd6 24. Be3 Rce8 25. Qg4 Ndf8 26. Ngf4 Be7 27. Nh3 Qd7 28.
Qxd7 Nxd7 29. Kd2 Rh8 30. Rag1 Nhf8 31. Nhf4 Bd6 32. h6 Bxf4 33. Nxf4 gxh6 34.
Rxh6 Rg8 35. b3 Kb8 36. c4 dxc4 37. bxc4 Re7 38. Kc3 Reg7 39. g6 Nb6 40. d5
cxd5 41. Bd4 Rd7 42. g7 Nxc4 43. Rh8 1-0

[Event "27.Schlosspark-Open"]
[Site "Wiesbaden-Biebrich"]
[Date "2015.08.27"]
[Round "1.21"]
[White "Schneider, Lutz"]
[Black "Koch, Markus"]
[Result "0-1"]
[WhiteElo "1747"]
[BlackElo "2170"]
[PlyCount "52"]
[EventDate "2015.??.??"]
[WhiteTeam "Vorw.Orient Mainz"]
[BlackTeam "SC Brett vorm Kopp"]

1. e4 c5 2. Nf3 d6 3. d4 cxd4 4. Nxd4 Nf6 5. Nc3 a6 6. Be2 e5 7. Nb3 Be7 8. O-O
O-O 9. Be3 Be6 10. Qd2 Nbd7 11. Rad1 Rc8 12. f4 exf4 13. Bxf4 Ne5 14. Nd4 b5
15. Bxe5 dxe5 16. Nxe6 fxe6 17. Qxd8 Rfxd8 18. Rxd8+ Rxd8 19. Rd1 Bc5+ 20. Kh1
Bd4 21. Bf3 Rc8 22. h3 h5 23. Kh2 g5 24. Rd2 g4 25. hxg4 hxg4 26. Bd1 g3+ 0-1

[Event "27.Schlosspark-Open"]
[Site "Wiesbaden-Biebrich"]
[Date "2015.08.27"]
[Round "1.22"]
[White "Minor, Samuel"]
[Black "Hegener, Thorsten"]
[Result "1/2-1/2"]
[WhiteElo "2160"]
[BlackElo "1742"]
[PlyCount "91"]
[EventDate "2015.??.??"]
[WhiteTeam "Wiesbadener SV"]
[BlackTeam "SC Eschborn"]

1. e4 e5 2. Bc4 Nf6 3. d3 Bc5 4. Nf3 Nc6 5. O-O O-O 6. c3 d6 7. Bb3 Be6 8. Bc2
Bg4 9. Nbd2 a6 10. h3 Bh5 11. Re1 Re8 12. Nf1 d5 13. Qe2 d4 14. Ng3 Bg6 15. Nh4
Nh5 16. Qg4 Nxg3 17. Qxg3 Be7 18. Nxg6 hxg6 19. Rf1 g5 20. Qg4 Bf6 21. g3 g6
22. Bb3 Kg7 23. Bd5 dxc3 24. Bxc6 cxb2 25. Bxb2 bxc6 26. Rac1 Rb8 27. Qe2 Qd7
28. Kg2 Red8 29. Rfd1 Rh8 30. g4 Rh4 31. d4 exd4 32. Rc5 Rbh8 33. e5 Be7 34.
Rxd4 Qe6 35. Rc3 Qxa2 36. Rdc4 Qb1 37. Rxc6 Rxh3 38. Rxh3 Rxh3 39. Rc1 Qd3 40.
e6+ Kf8 41. Qxd3 Rxd3 42. Rxc7 fxe6 43. Ra7 Bc5 44. Rxa6 Rd2 45. Ba3 Bxa3 46.
Rxa3 1/2-1/2

[Event "27.Schlosspark-Open"]
[Site "Wiesbaden-Biebrich"]
[Date "2015.08.27"]
[Round "1.23"]
[White "Künitz, Klaus"]
[Black "Pioch, Thomas"]
[Result "0-1"]
[WhiteElo "1740"]
[BlackElo "2157"]
[PlyCount "64"]
[EventDate "2015.??.??"]
[WhiteTeam "TSV Schott Mainz"]
[BlackTeam "SF Mainz"]

1. d4 e6 2. c4 f5 3. d5 e5 4. Nc3 Nf6 5. Bg5 Bb4 6. Qb3 Bxc3+ 7. Qxc3 d6 8. Nf3
a5 9. Nd2 O-O 10. e3 Nbd7 11. Be2 Qe8 12. f3 Qg6 13. Bxf6 Rxf6 14. g3 Nc5 15.
b3 Bd7 16. a4 f4 17. g4 fxe3 18. Qxe3 Rf4 19. h4 Raf8 20. h5 Qf6 21. Qc3 e4 22.
Qxf6 R8xf6 23. fxe4 Nxe4 24. Rg1 Nc3 25. g5 Rf8 26. Rc1 Nxe2 27. Kxe2 Bg4+ 28.
Ke3 Bxh5 29. Rcf1 Rxf1 30. Rxf1 Rxf1 31. Nxf1 Bd1 32. Nd2 Kf7 0-1

[Event "27.Schlosspark-Open"]
[Site "Wiesbaden-Biebrich"]
[Date "2015.08.27"]
[Round "1.24"]
[White "Haas, Frank-Martin"]
[Black "Wilk, David"]
[Result "1-0"]
[WhiteElo "2151"]
[BlackElo "1734"]
[PlyCount "81"]
[EventDate "2015.??.??"]
[WhiteTeam "SV Walldorf"]
[BlackTeam "SF Mainz"]

1. e4 e5 2. Nf3 Nc6 3. d4 exd4 4. c3 d6 5. cxd4 Bg4 6. Be3 Be7 7. Nc3 a6 8. Qb3
Qc8 9. d5 Ne5 10. Nxe5 dxe5 11. Bd3 Nf6 12. Rc1 O-O 13. O-O Bh3 14. f3 Bd7 15.
Na4 Bxa4 16. Qxa4 Bd6 17. Rf2 Qd7 18. Qb3 b6 19. Rfc2 Qe7 20. Qa4 Nd7 21. Qc6
g6 22. Rc3 f5 23. exf5 gxf5 24. Bxf5 Rad8 25. Be6+ Kg7 26. Qc4 Rf4 27. Bxf4
exf4 28. Bxd7 Rxd7 29. Qxa6 Bc5+ 30. Rxc5 Qe3+ 31. Kf1 bxc5 32. Qc4 Kh6 33. Re1
Qd2 34. Re2 Qd1+ 35. Kf2 Rf7 36. d6 cxd6 37. Qxf7 Qd4+ 38. Kf1 Qd1+ 39. Re1
Qd3+ 40. Kg1 Qd4+ 41. Kh1 1-0

[Event "27.Schlosspark-Open"]
[Site "Wiesbaden-Biebrich"]
[Date "2015.08.27"]
[Round "1.25"]
[White "Bratmann, Marc"]
[Black "Puschendorf, Steffen"]
[Result "0-1"]
[WhiteElo "1726"]
[BlackElo "2130"]
[PlyCount "68"]
[EventDate "2015.??.??"]
[WhiteTeam "TuS Dotzheim"]
[BlackTeam "ESV Gera"]

1. e4 e6 2. d4 d5 3. e5 c5 4. c3 Nc6 5. Nf3 Bd7 6. a3 f6 7. b4 cxd4 8. cxd4
fxe5 9. dxe5 Qc7 10. Bb2 Nh6 11. Bd3 Nf7 12. Qe2 g6 13. O-O Bg7 14. Re1 O-O 15.
Nbd2 Qd8 16. Nb3 Ng5 17. Nxg5 Qxg5 18. Rac1 Qd8 19. Qg4 Ne7 20. Nd4 Qb6 21. Qe2
Rf4 22. Rc5 Raf8 23. Rf1 Nc6 24. Nxc6 bxc6 25. Qe3 Qd8 26. Ra5 Bh6 27. Qxa7 Rh4
28. Bc1 Bg7 29. Qe3 Rh5 30. Bb2 Bh6 31. Qe2 Qh4 32. h3 Bf4 33. Rc5 Rg5 34. Bc1
Qxh3 0-1

[Event "27.Schlosspark-Open"]
[Site "Wiesbaden-Biebrich"]
[Date "2015.08.27"]
[Round "1.26"]
[White "Nuding, Matthias"]
[Black "Mang, Markus"]
[Result "1-0"]
[WhiteElo "2126"]
[BlackElo "1724"]
[PlyCount "51"]
[EventDate "2015.??.??"]
[WhiteTeam "SC Noris-Tarrasch Nürnberg"]
[BlackTeam "SG Kaiserslautern"]

1. Nf3 d5 2. c4 d4 3. g3 c5 4. Bg2 Nc6 5. d3 Nf6 6. O-O e5 7. a3 Bd6 8. Nbd2
O-O 9. Rb1 Re8 10. Ng5 Bf5 11. Qa4 Qd7 12. b4 cxb4 13. axb4 a5 14. bxa5 Rxa5
15. Qb3 Ra7 16. Nde4 Nxe4 17. Nxe4 Bf8 18. Bd2 Rea8 19. Rb2 h6 20. Rfb1 Be6 21.
Qb5 b6 22. Nf6+ gxf6 23. Bxc6 Qc8 24. Bxa8 Qxa8 25. Qxb6 Bh3 26. f3 1-0

[Event "27.Schlosspark-Open"]
[Site "Wiesbaden-Biebrich"]
[Date "2015.08.27"]
[Round "1.27"]
[White "Fischer, Patrick"]
[Black "Pfeffer, Marko"]
[Result "0-1"]
[WhiteElo "1723"]
[BlackElo "2124"]
[PlyCount "140"]
[EventDate "2015.??.??"]
[WhiteTeam "SF HN-Biberach"]
[BlackTeam "SC Bergen-Enkheim"]

1. e4 e6 2. d4 d5 3. exd5 exd5 4. Nf3 Bd6 5. Nc3 Ne7 6. Nb5 Nbc6 7. Nxd6+ Qxd6
8. Be2 Bg4 9. O-O O-O 10. Re1 f6 11. c3 Rae8 12. Qb3 Nf5 13. Bd2 Bh5 14. Qc2
Nce7 15. Bd3 Bg6 16. Re2 c5 17. dxc5 Qxc5 18. Rae1 Kf7 19. Bf4 Nd6 20. Nd4 Ne4
21. Bxe4 dxe4 22. Qb3+ Qd5 23. Qxd5+ Nxd5 24. Bd6 Rh8 25. c4 Rd8 26. Bg3 Nf4
27. Bxf4 Rxd4 28. b3 Rd3 29. Rd2 Rhd8 30. Red1 Bh5 31. f3 Rxd2 32. Rxd2 Rxd2
33. Bxd2 exf3 34. g3 Bg6 35. Kf2 Be4 36. Ke3 g5 37. Be1 f5 38. c5 Ke6 39. g4
Bc6 40. gxf5+ Kxf5 41. b4 Kg4 42. Bg3 h5 43. a3 a6 44. Bd6 Kh3 45. Kf2 Kg4 46.
Ke3 Kf5 47. Bg3 h4 48. Bd6 g4 49. Bc7 Ke6 50. Bf4 Kd5 51. Kf2 Kc4 52. Bg5 Kb3
53. Bc1 Kc2 54. Be3 Kd3 55. Bf4 Ke4 56. Bd6 Kf5 57. Bc7 g3+ 58. hxg3 h3 59. g4+
Kxg4 60. Bh2 Kf5 61. Kg3 Ke4 62. Bg1 Bd7 63. Kf2 Bg4 64. Kg3 Kd3 65. Kf2 Kc3
66. Bh2 Kb3 67. Bf4 Kxa3 68. Kg1 Kxb4 69. Be3 a5 70. Bf2 a4 0-1